La educación hoy frente al mundo del mañana

Guardat en:
Dades bibliogràfiques
Autor principal: Hummel, Charles (Autor)
Format: Llibre
Idioma:espanyol
Publicat: Bogotá Voluntad 1978
Matèries:
Etiquetes: Afegir etiqueta
Sense etiquetes, Sigues el primer a etiquetar aquest registre!

MARC

LEADER 00000nam a2200000 a 4500
001 UCU0634
003 CL-VaPUC
008 960322e19780000CK |||||||||||||||||spa|d
082 0 4 |a 370.115  |b HUM  |2 21 
100 0 |a Hummel, Charles  |e author  |9 355980 
245 1 3 |a La educación hoy frente al mundo del mañana 
300 |a 205 p 
942 |c BK 
945 |d 19960322 00:00:00  |a paguirre 
260 |a Bogotá  |b Voluntad  |c 1978 
650 0 |a Educación  |9 258661 
650 0 |a Reforma educacional   |9 256319 
650 7 |a EDUCACION PERMANENTE  |2 CL-VaPUC  |9 316165 
650 0 |a Democratización de la educación  |9 307986 
650 0 |a Sociología de la educación   |9 260380 
583 |a last modification  |c 20130414 10:13:55  |k Rodrigo Vera 
999 |c 245473  |d 245471 
952 |0 0  |1 0  |4 0  |6 370_115000000000000_HUM_1978  |7 0  |8 P  |9 259989  |a BIBEDU  |b BIBEDU  |c BIBEDU_PB  |d 2019-11-19  |i 1638769  |o 370.115 HUM 1978  |p 1638769  |r 2024-01-25  |w 2019-11-19  |y BK  |k EDU